LEADER 00980nam0 22002771i 450 001 UON00231672 005 20231205103505.375 010 $a83-87495-05-0 100 $a20030730d1999 |0itac50 ba 101 $apol 102 $aPL 105 $a|||| 1|||| 200 1 $aOdyseja Duszy$fArtemus Lamb 205 $aWarszawa : Wydawnictwo Bah'i w Polsce$b1999 210 $a94 p.$a18 cm 215 $aTit. or.$cThe Oddyssey of the soul. 620 $aPL$dWarszawa$3UONL000573 676 $a828.99$cLetteratura in lingua inglese$v21 700 1$aLAMB$bArtemus$3UONV140427$0687212 712 $aBaha'ì w Polsce$3UONV272950$4650 801 $aIT$bSOL$c20240220$gRICA 899 $aSIBA - SISTEMA BIBLIOTECARIO DI ATENEO$2UONSI 912 $aUON00231672 950 $aSIBA - SISTEMA BIBLIOTECARIO DI ATENEO$dSI POLACCO B A 0034 $eSI EO 33769 5 0034 996 $aOdyseja Duszy$91272819 997 $aUNIOR LEADER 01298nam0 22003613i 450 001 CFI0200302 005 20251003044133.0 010 $a8814029733 100 $a20130827d1992 ||||0itac50 ba 101 | $aita 102 $ait 181 1$6z01$ai $bxxxe 182 1$6z01$an 183 1$6z01$anc$2RDAcarrier 200 1 $aˆLa ‰frode fiscale$fBaldassarre Santamaria 205 $a2. ed 210 $aMilano$cGiuffrè$d1992 215 $aVIII, 706 p.$d24 cm 300 $aSegue: Appendice. 606 $aReati fiscali$2FIR$3CFIC080159$9I 676 $a345$9Diritto penale$v12 676 $a345.0233$9DIRITTO PENALE. REATI CONTRO LE FINANZE PUBBLICHE$v19 676 $a345.0233$9REATI TRIBUTARI$v21 700 1$aSantamaria$b, Baldassarre$3CFIV026780$4070$0145267 801 3$aIT$bIT-000000$c20130827 850 $aIT-BN0095 $aIT-NA0438 901 $bNAP 01$cD $n$ 901 $bNAP BD$cSALA D $nComprende monografie, per lo più codici giuridici e operre enciclopediche 912 $aCFI0200302 950 0$aBiblioteca Centralizzata di Ateneo$c1 v.$d 01D (AR) 8 843$e 01AR 0070088435 VMA 1 v.$fY $h20160111$i20160111 977 $a 01$a BD 996 $aFrode fiscale$962874 997 $aUNISANNIO